000 01369nam a2200325Ia 4500
001 ebr10191390
003 CaPaEBR
006 m u
007 cr cn|||||||||
008 070404s2007 txu sb 001 0 eng d
010 _z 2008014014
020 _z9781932792492 (cloth/hardcover : alk. paper)
040 _aCaPaEBR
_cCaPaEBR
035 _a(OCoLC)170933743
050 1 4 _aPR6039.H618
_bZ693 2007eb
082 0 4 _a821/.914
_222
100 1 _aDavis, William Virgil,
_d1940-
245 1 0 _aR.S. Thomas
_h[electronic resource] :
_bpoetry and theology /
_cWilliam V. Davis.
260 _aWaco, TX :
_bBaylor University Press,
_cc2007.
300 _axvi, 219 p.
504 _aIncludes bibliographical references and index.
533 _aElectronic reproduction.
_bPalo Alto, Calif. :
_cebrary,
_d2009.
_nAvailable via World Wide Web.
_nAccess may be limited to ebrary affiliated libraries.
600 1 0 _aThomas, R. S.
_q(Ronald Stuart),
_d1913-2000
_xCriticism and interpretation.
600 1 0 _aThomas, R. S.
_q(Ronald Stuart),
_d1913-2000
_xReligion.
650 0 _aTheology in literature.
650 0 _aReligious poetry, English
_xHistory and criticism.
655 7 _aElectronic books.
_2local
710 2 _aebrary, Inc.
856 4 0 _uhttp://site.ebrary.com/lib/rucke/Doc?id=10191390
_zAn electronic book accessible through the World Wide Web; click to view
999 _c113511
_d113511